| 000 | 00399nam a2200133 a 4500 | ||
|---|---|---|---|
| 001 | 000027094 | ||
| 005 | 20200930030610.0 | ||
| 008 | 110329s1993 ve a 000 0 spa d | ||
| 040 |
_aDO-SdBNP _bspa _cBNPHU |
||
| 082 |
_axxxx _bM593 |
||
| 245 | 0 | 0 | _aMetodología de transferencia tecnológica en el cultivo del maíz. |
| 260 |
_aCaracas : _bFundación Polar, _c1993. |
||
| 300 |
_a265 p. : _bil. ; _c28 cm. |
||
| 999 |
_c26586 _d26586 |
||